|
|
|
|
| LEADER |
01205nam a2200337 4500 |
| 001 |
DLU110127582 |
| 005 |
##20111107 |
| 040 |
# |
# |
|a DLU
|b vie
|
| 041 |
# |
# |
|a vie
|
| 044 |
# |
# |
|a vn
|
| 082 |
# |
# |
|a 320.959 7
|b Bie
|
| 245 |
# |
# |
|a Biên niên lịch sử chính phủ Việt Nam 1945-2005.
|n t.V,
|p Mặt trận dân tộc giải phóng miền Nam Việt Nam và chính phủ cách mạng lâm thời cộng hoà miền Nam Việt Nam.
|
| 260 |
# |
# |
|a H. :
|b Văn hoá - Thông tin,
|c 2006.
|
| 300 |
# |
# |
|a 467 tr. ;
|c 24 cm.
|
| 651 |
# |
# |
|a Việt Nam
|x Chính trị và chính quyền
|v Biên niên sự kiện.
|
| 651 |
# |
# |
|a Việt Nam
|x Chính trị và chính quyền
|y 1960-1969
|v Biên niên sự kiện.
|
| 651 |
# |
# |
|a Việt Nam
|x Chính trị và chính quyền
|y 1969-1976
|v Biên niên sự kiện.
|
| 651 |
# |
# |
|a Việt Nam
|x Lịch sử
|y 1960-1969
|v Biên niên sự kiện.
|
| 651 |
# |
# |
|a Việt Nam
|x Lịch sử
|y 1969-1976
|v Biên niên sự kiện.
|
| 923 |
# |
# |
|a 01/2011LS
|
| 990 |
# |
# |
|a t.V
|
| 991 |
# |
# |
|a SH
|
| 992 |
# |
# |
|a 0
|
| 994 |
# |
# |
|a KLS
|
| 900 |
# |
# |
|a True
|
| 911 |
# |
# |
|a Đào Thị Thu Huyền
|
| 925 |
# |
# |
|a G
|
| 926 |
# |
# |
|a A
|
| 927 |
# |
# |
|a SH
|
| 980 |
# |
# |
|a Thư viện Trường Đại học Đà Lạt
|